000 00183nam a22000857a 4500
003 SGT
245 _aJournal of Clinical Periodontology
260 _bBlackwell
_c2006-2011
942 _2ddc
_cBV
999 _c27455
_d27455